[Event "Bad Woerishofen Seniors op 32nd"]
[Site "Bad Woerishofen"]
[Date "2016.03.03"]
[Round "7"]
[White "Aust, Werner"]
[Black "Abegg, Beat"]
[Result "1/2-1/2"]
[WhiteElo "1786"]
[BlackElo "1914"]
[PlyCount "133"]
[EventDate "2016.02.26"]
[EventType "swiss"]
[EventRounds "9"]
[EventCountry "GER"]
[SourceTitle "EXT 2019"]
[Source "ChessBase"]
[SourceDate "2018.10.10"]
[SourceVersion "1"]
[SourceVersionDate "2018.10.10"]
[SourceQuality "1"]

1. Nf3 Nf6 2. d4 e6 3. c4 b6 4. Nc3 Bb4 5. Bd2 Bb7 6. Qc2 0-0 7. e3 d6 8. Bd3 Nbd7 9. a3 Bxc3 10. Bxc3 c5 11. 0-0-0 Qc7 12. Kb1 h6 13. h3 d5 14. Rhe1 dxc4 15. Bxc4 Be4 16. Bd3 Bxd3 17. Qxd3 c4 18. Qc2 b5 19. e4 Rfe8 20. g3 Qb7 21. Nh4 a5 22. d5 exd5 23. Nf5 Nxe4 24. Bxg7 Re6 25. Bxh6 b4 26. Be3 bxa3 27. Bd4 Nec5 28. Rxe6 fxe6 29. Nh6+ Kf8 30. Qg6 a2+ 31. Ka1 Nb3+ 32. Kxa2 Ndc5 33. Qf6+ Ke8 34. Qh8+ Kd7 35. Qg7+ Kc6 36. Qxb7+ Nxb7 37. Be5 Rf8 38. f4 Nd6 39. h4 Nf5 40. Nxf5 exf5 41. Kb1 Nc5 42. Bc3 a4 43. Bb4 Rg8 44. Bxc5 Kxc5 45. Rg1 d4 46. h5 Rh8 47. Rh1 Rh6 48. Kc2 Kd5 49. Kd2 Ke4 50. Re1+ Kf3 51. Rc1 Rc6 52. h6 Rxh6 53. Rxc4 Ke4 54. Rxa4 Rh2+ 55. Kc1 Rg2 56. Ra3 d3 57. b4 Rxg3 58. Ra5 Kxf4 59. b5 Ke3 60. b6 Rg1+ 61. Kb2 Rg8 62. Rxf5 Rb8 63. Re5+ Kd4 64. Re6 Kd5 65. Rh6 Kc5 66. Kc3 Rd8 67. Kd2 1/2-1/2

[Event "Dortmund Sparkassen op-B"]
[Site "Dortmund"]
[Date "2015.06.28"]
[Round "2"]
[White "Aust, Werner"]
[Black "Karabueguel, Okan"]
[Result "1-0"]
[WhiteElo "1504"]
[BlackElo "1682"]
[PlyCount "111"]
[EventDate "2015.06.27"]
[EventType "swiss"]
[EventRounds "9"]
[EventCountry "GER"]
[SourceTitle "CBM 167 Extra"]
[Source "ChessBase"]
[SourceDate "2015.09.14"]
[SourceVersion "1"]
[SourceVersionDate "2015.09.14"]
[SourceQuality "1"]

1. e4 e5 2. Nf3 Nc6 3. Bb5 a6 4. Ba4 Nf6 5. 0-0 Be7 6. Re1 b5 7. Bb3 0-0 8. c3 d6 9. d4 Bb7 10. Nbd2 exd4 11. cxd4 Nd7 12. Nf1 Na5 13. Bc2 c5 14. Be3 Nc4 15. Bc1 cxd4 16. b3 Nce5 17. Nxd4 Bf6 18. Rb1 Qa5 19. Nf5 Rad8 20. Be3 Nb8 21. f4 Ng6 22. N1g3 Qxa2 23. Nh5 Bc3 24. Rf1 Bc8 25. Qd3 b4 26. Rbc1 Qa5 27. Bd4 Bxd4+ 28. Qxd4 Qc5 29. Bb1 Qxd4+ 30. Nxd4 Ne7 31. Rc7 Bd7 32. Bd3 Nec6 33. Nc2 Rc8 34. Rb7 Na5 35. Rb6 Nxb3 36. Rxd6 a5 37. e5 Nc5 38. Ra1 Nxd3 39. Ne3 Rc1+ 40. Rxc1 Nxc1 41. Nd5 Bb5 42. Ne7+ Kh8 43. Rd5 Ne2+ 44. Kf2 Nc3 45. Rd4 Re8 46. Nf5 Nc6 47. Rd7 Nxe5 48. Rb7 Nd3+ 49. Kg3 Bc4 50. Nd6 Re3+ 51. Kh4 h6 52. Nxc4 g5+ 53. Kg4 Re2 54. Kf5 Nxf4 55. Rb8+ Kh7 56. Nf6+ 1-0

[Event "Dortmund Sparkassen op-B"]
[Site "Dortmund"]
[Date "2014.07.20"]
[Round "9"]
[White "Aust, Werner"]
[Black "Garbuz, Nicole"]
[Result "1/2-1/2"]
[WhiteElo "1695"]
[BlackElo "1414"]
[PlyCount "60"]
[EventDate "2014.07.12"]
[EventType "swiss"]
[EventRounds "9"]
[EventCountry "GER"]
[SourceTitle "EXT 2022"]
[Source "ChessBase"]
[SourceDate "2021.10.06"]
[SourceVersion "1"]
[SourceVersionDate "2021.10.06"]
[SourceQuality "1"]

1. d4 d5 2. c4 e6 3. Nf3 Nf6 4. Nc3 c6 5. e3 a6 6. a4 Nbd7 7. c5 b6 8. b4 Bb7 9. Bd3 b5 10. axb5 axb5 11. Bb2 Be7 12. 0-0 0-0 13. Re1 Qc7 14. Ne2 Rfe8 15. Ng3 Rxa1 16. Qxa1 Qb8 17. Qb1 h6 18. Rc1 Ba8 19. Qc2 Bd8 20. Ra1 Bc7 21. Bc3 e5 22. dxe5 Nxe5 23. Be2 Nxf3+ 24. Bxf3 Be5 25. Qb2 Bxc3 26. Qxc3 Re7 27. Nf5 Re6 28. Qa3 Bb7 29. Nd6 Re7 30. Qa7 Qc7 1/2-1/2

[Event "Dortmund Sparkassen op-B"]
[Site "Dortmund"]
[Date "2014.07.19"]
[Round "8"]
[White "Kasueschke, Lars"]
[Black "Aust, Werner"]
[Result "1-0"]
[WhiteElo "1714"]
[BlackElo "1695"]
[PlyCount "89"]
[EventDate "2014.07.12"]
[EventType "swiss"]
[EventRounds "9"]
[EventCountry "GER"]
[SourceTitle "EXT 2022"]
[Source "ChessBase"]
[SourceDate "2021.10.06"]
[SourceVersion "1"]
[SourceVersionDate "2021.10.06"]
[SourceQuality "1"]

1. e4 d5 2. exd5 Nf6 3. d4 e6 4. dxe6 Bxe6 5. Nf3 Bb4+ 6. c3 Be7 7. Bd3 c5 8. 0-0 0-0 9. Be3 cxd4 10. Nxd4 Bd5 11. c4 Be4 12. Nc3 Bxd3 13. Qxd3 Nc6 14. Rad1 Ne5 15. Qe2 Qc8 16. Bf4 Ng6 17. Bg3 a6 18. b3 Re8 19. Qf3 Bb4 20. Nd5 Nxd5 21. cxd5 Rd8 22. Nf5 Rd7 23. d6 a5 24. h4 Qc3 25. Qxc3 Bxc3 26. Rc1 Bb4 27. Rc7 Rad8 28. Rfc1 Nf8 29. Rxd7 Nxd7 30. Rc7 b6 31. Ne7+ Kf8 32. Nc6 Ke8 33. Nxd8 Kxd8 34. Kf1 Ba3 35. Ke2 f5 36. Kd3 Bb2 37. Kc4 Bf6 38. Kd5 Nc5 39. h5 Ne4 40. Be5 Bg5 41. Rxg7 h6 42. d7 Nc5 43. Kc6 Ne6 44. Rxg5 hxg5 45. Bf6# 1-0

[Event "Dortmund Sparkassen op-B"]
[Site "Dortmund"]
[Date "2014.07.18"]
[Round "7"]
[White "Aust, Werner"]
[Black "Yangibayev, Rustam"]
[Result "1-0"]
[WhiteElo "1695"]
[BlackElo "1499"]
[PlyCount "108"]
[EventDate "2014.07.12"]
[EventType "swiss"]
[EventRounds "9"]
[EventCountry "GER"]
[SourceTitle "EXT 2022"]
[Source "ChessBase"]
[SourceDate "2021.10.06"]
[SourceVersion "1"]
[SourceVersionDate "2021.10.06"]
[SourceQuality "1"]

1. e4 c6 2. d4 d5 3. Nc3 dxe4 4. Nxe4 Bf5 5. Ng3 Bg6 6. Nf3 Nd7 7. Bc4 e6 8. 0-0 Be7 9. Bb3 Ngf6 10. c4 0-0 11. Nh4 Re8 12. Nxg6 hxg6 13. Bd2 b5 14. cxb5 cxb5 15. Qe2 a6 16. Rac1 Nd5 17. Qf3 N7f6 18. Rc6 Qd7 19. Rfc1 Rec8 20. Rxc8+ Rxc8 21. Rxc8+ Qxc8 22. h3 Bb4 23. Bg5 Nh7 24. Be3 Nhf6 25. a3 Bf8 26. Bd2 Nb6 27. Be3 a5 28. Qd1 a4 29. Bc2 Nc4 30. Bc1 Qc7 31. Bd3 Qb6 32. Ne2 Na5 33. Be3 Nd5 34. Qc2 Nb3 35. Qc8 Nxe3 36. fxe3 e5 37. Qd7 exd4 38. exd4 Nxd4 39. Nxd4 Bc5 40. Qe8+ Kh7 41. Qxf7 Bxd4+ 42. Kh1 Bf2 43. Bxg6+ Qxg6 44. Qxf2 Qd3 45. Kh2 Qd6+ 46. g3 Qe5 47. h4 Kg6 48. Qc2+ Kh5 49. Qd2 g6 50. Qf2 Qf5 51. Qxf5+ gxf5 52. Kg2 Kg4 53. Kf2 f4 54. gxf4 Kxf4 1-0

[Event "Dortmund Sparkassen op-B"]
[Site "Dortmund"]
[Date "2014.07.16"]
[Round "5"]
[White "Aust, Werner"]
[Black "Schneider, Daniel3333"]
[Result "1-0"]
[WhiteElo "1695"]
[BlackElo "1128"]
[PlyCount "157"]
[EventDate "2014.07.12"]
[EventType "swiss"]
[EventRounds "9"]
[EventCountry "GER"]
[SourceTitle "EXT 2022"]
[Source "ChessBase"]
[SourceDate "2021.10.06"]
[SourceVersion "1"]
[SourceVersionDate "2021.10.06"]
[SourceQuality "1"]

1. d4 Nf6 2. c4 g6 3. Nf3 Bg7 4. Nc3 0-0 5. e3 d6 6. Be2 d5 7. 0-0 Be6 8. Qb3 Nc6 9. Nd2 b6 10. Qb5 Na5 11. cxd5 Nxd5 12. Bf3 Nxc3 13. bxc3 a6 14. Qg5 Ra7 15. Bb2 Bf6 16. Qg3 Bc4 17. Rfe1 Be6 18. e4 Nc4 19. Nxc4 Bxc4 20. e5 Bg7 21. Red1 e6 22. Ba3 Re8 23. Bc6 Ra8 24. Bxe8 Qxe8 25. Bc1 Qd7 26. Bg5 Qd5 27. a3 c6 28. Qh4 Ra7 29. Re1 Rd7 30. Re3 c5 31. Rh3 h5 32. Bf6 Bf8 33. Rg3 cxd4 34. Qxh5 Bg7 35. Qd1 dxc3 36. Qxd5 Rxd5 37. Rxc3 Bb5 38. Rc8+ Kh7 39. Bxg7 Kxg7 40. f4 Rd4 41. g3 g5 42. fxg5 Rg4 43. Rcc1 Rxg5 44. Re1 f5 45. exf6+ Kxf6 46. Re3 Bc6 47. Rd1 Rc5 48. Rde1 Bd5 49. h4 Rc2 50. R1e2 Rc1+ 51. Re1 Rc2 52. Rf1+ Kg6 53. Rfe1 Rg2+ 54. Kf1 Rh2 55. Rxe6+ Bxe6 56. Rxe6+ Kf5 57. Rxb6 Kg4 58. Rb3 Rc2 59. Ke1 Rh2 60. Rb6 Kxg3 61. Rxa6 Rh1+ 62. Kd2 Rh2+ 63. Kc3 Rxh4 64. Rf6 Rh8 65. a4 Rc8+ 66. Kb4 Rb8+ 67. Kc5 Rc8+ 68. Kb5 Rb8+ 69. Rb6 Ra8 70. a5 Kf4 71. a6 Ke5 72. Kc6 Rh8 73. a7 Rh6+ 74. Kb5 Rh8 75. Rb8 Rh1 76. a8Q Rb1+ 77. Kc4 Rc1+ 78. Kd3 Rd1+ 79. Kc2 1-0

[Event "Bad Woerishofen Seniors op 30th"]
[Site "Bad Woerishofen"]
[Date "2014.03.26"]
[Round "6"]
[White "Aust, Werner"]
[Black "Dallmeier, Gerhard"]
[Result "0-1"]
[WhiteElo "1725"]
[BlackElo "1852"]
[PlyCount "116"]
[EventDate "2014.03.21"]
[EventType "swiss"]
[EventRounds "9"]
[EventCountry "GER"]
[SourceTitle "EXT 2019"]
[Source "ChessBase"]
[SourceDate "2018.10.10"]
[SourceVersion "1"]
[SourceVersionDate "2018.10.10"]
[SourceQuality "1"]

1. e4 c5 2. Nf3 d6 3. d4 cxd4 4. Nxd4 Nf6 5. Nc3 a6 6. Be2 e5 7. Nf3 h6 8. Be3 Be6 9. h3 Nbd7 10. 0-0 Be7 11. Nh2 0-0 12. Kh1 Qc7 13. f4 exf4 14. Bxf4 Ne5 15. Nf3 Nfd7 16. Nd5 Bxd5 17. exd5 Rac8 18. c3 Bf6 19. Nd4 Ng6 20. Bg3 Rce8 21. Nf5 Be5 22. Bf2 Nf6 23. Bf3 Ne7 24. Nd4 Nexd5 25. Nf5 Ne7 26. Ng3 d5 27. Ne2 Rd8 28. Nd4 Ne4 29. Qe1 Nxf2+ 30. Qxf2 Bg3 31. Qc2 Be5 32. Rad1 Bf6 33. Rfe1 Qg3 34. Rxe7 Bxe7 35. Nf5 Qe5 36. Nxe7+ Qxe7 37. Bxd5 Rd6 38. c4 Rfd8 39. Qd3 Qe5 40. b3 Kh8 41. Qf3 Rf6 42. Qd3 Rd7 43. Qd2 Rfd6 44. Kg1 f5 45. Qd3 Re7 46. Rf1 Rf6 47. Kh1 b6 48. Qb1 g6 49. Rd1 Kg7 50. Bf3 Rfe6 51. Bd5 Rf6 52. Bf3 Rf8 53. Bd5 Qg3 54. Qb2+ Kh7 55. Bf3 Rfe8 56. Be2 Rxe2 57. Rd7+ R8e7 58. Qxe2 Rxd7 0-1

[Event "Dortmund Sparkassen op-B"]
[Site "Dortmund"]
[Date "2012.07.19"]
[Round "6"]
[White "Guenther, Michael"]
[Black "Aust, Werner"]
[Result "0-1"]
[WhiteElo "1275"]
[BlackElo "1429"]
[PlyCount "60"]
[EventDate "2012.07.14"]
[EventType "swiss"]
[EventRounds "9"]
[EventCountry "GER"]
[SourceTitle "EXT 2014"]
[Source "ChessBase"]
[SourceDate "2013.11.20"]
[SourceVersion "1"]
[SourceVersionDate "2013.11.20"]
[SourceQuality "1"]

1. d4 d5 2. c4 e5 3. dxe5 d4 4. Nf3 Nc6 5. e3 Bb4+ 6. Nbd2 dxe3 7. fxe3 Bg4 8. Be2 Qd7 9. a3 Bxd2+ 10. Bxd2 0-0-0 11. Bc3 Qe6 12. Nd2 Nh6 13. h3 Bxe2 14. Qxe2 Nxe5 15. Bxe5 Qxe5 16. 0-0-0 Rhe8 17. Rhe1 f5 18. Qf3 Rd6 19. e4 Rb6 20. b4 Qa1+ 21. Kc2 Qa2+ 22. Kc1 Rbe6 23. Qc3 fxe4 24. h4 e3 25. Re2 Re4 26. Qd3 exd2+ 27. Rdxd2 Qa1+ 28. Kc2 Qa2+ 29. Kc1 Rxc4+ 30. Rc2 Rxc2+ 0-1

[Event "Dortmund Sparkassen op-B"]
[Site "Dortmund"]
[Date "2012.07.17"]
[Round "4"]
[White "Wiesemann, Peter"]
[Black "Aust, Werner"]
[Result "1-0"]
[WhiteElo "1731"]
[BlackElo "1429"]
[PlyCount "143"]
[EventDate "2012.07.14"]
[EventType "swiss"]
[EventRounds "9"]
[EventCountry "GER"]
[SourceTitle "EXT 2014"]
[Source "ChessBase"]
[SourceDate "2013.11.20"]
[SourceVersion "1"]
[SourceVersionDate "2013.11.20"]
[SourceQuality "1"]

1. d4 d5 2. Nf3 Nf6 3. e3 e6 4. Bd3 c5 5. c3 Nc6 6. Nbd2 a6 7. 0-0 Be7 8. Re1 0-0 9. e4 dxe4 10. Nxe4 Nxe4 11. Bxe4 cxd4 12. cxd4 Bf6 13. Be3 Bd7 14. Ne5 Rc8 15. Rc1 Rc7 16. Qf3 Qc8 17. Bf4 Bxe5 18. dxe5 f5 19. exf6 Rxf6 20. Qg3 e5 21. Bg5 Rf7 22. Rcd1 Rf8 23. f4 Bf5 24. Bd5+ Kh8 25. fxe5 Nb4 26. Bb3 Bc2 27. Rd2 Bxb3 28. Qxb3 Nc6 29. e6 Qe8 30. Red1 h6 31. Bh4 Qh5 32. Bg3 Qc5+ 33. Kh1 Qf5 34. Rf2 Qxf2 35. Bxf2 Rxf2 36. Kg1 Rf8 37. Rd7 Na5 38. Qd1 Rcc8 39. e7 Rfe8 40. Rd8 Nc6 41. Rxc8 Rxc8 42. Qd7 Nxe7 43. Qxe7 Rc1+ 44. Kf2 Rc2+ 45. Kg3 Rxb2 46. Qa3 Rb5 47. Kf4 Rg5 48. Qf3 Rb5 49. Qc3 Rg5 50. Qc8+ Kh7 51. Qxb7 a5 52. g4 Rc5 53. Qe4+ Kh8 54. Qd4 Rc8 55. a4 Rb8 56. Qd7 Rf8+ 57. Ke5 Rf2 58. h4 Re2+ 59. Kf4 Rf2+ 60. Ke4 Rb2 61. Kd3 Rb3+ 62. Kd4 Rb8 63. Kc5 Rf8 64. Kb5 Rb8+ 65. Kxa5 Rb2 66. Ka6 Rb4 67. a5 Rb2 68. Ka7 Rb4 69. a6 Rb2 70. Ka8 Rb4 71. a7 Rb2 72. Qb7 1-0

[Event "Dortmund Sparkassen op-B"]
[Site "Dortmund"]
[Date "2012.07.15"]
[Round "2"]
[White "Gelashvili, Vakhtang"]
[Black "Aust, Werner"]
[Result "1-0"]
[WhiteElo "1769"]
[BlackElo "1429"]
[PlyCount "65"]
[EventDate "2012.07.14"]
[EventType "swiss"]
[EventRounds "9"]
[EventCountry "GER"]
[SourceTitle "EXT 2014"]
[Source "ChessBase"]
[SourceDate "2013.11.20"]
[SourceVersion "1"]
[SourceVersionDate "2013.11.20"]
[SourceQuality "1"]

1. e4 c5 2. Nf3 e6 3. d4 cxd4 4. Nxd4 Nf6 5. Nc3 a6 6. Bd3 Bc5 7. Nb3 Be7 8. e5 Nd5 9. Nxd5 exd5 10. Qg4 g6 11. Bh6 d6 12. Qe2 Be6 13. exd6 Qxd6 14. Bg7 Rg8 15. Be5 Qd7 16. 0-0 Nc6 17. Nd4 Bg4 18. Qe1 0-0-0 19. Nxc6 Qxc6 20. Rc1 Rde8 21. Qd2 Bc5 22. Bg3 Re7 23. b4 Bd6 24. c4 d4 25. b5 Qc5 26. Bxd6 Qxd6 27. c5 Qf6 28. Qa5 Kb8 29. bxa6 Bc8 30. c6 bxa6 31. Bxa6 Ra7 32. Qb5+ Ka8 33. Bb7+ 1-0

[Event "Dortmund Sparkassen op-B"]
[Site "Dortmund"]
[Date "2011.07.28"]
[Round "6"]
[White "Stukemeier, Ralf"]
[Black "Aust, Werner"]
[Result "1-0"]
[WhiteElo "1842"]
[BlackElo "1395"]
[PlyCount "75"]
[EventDate "2011.07.23"]
[EventType "swiss"]
[EventRounds "9"]
[EventCountry "GER"]
[SourceTitle "EXT 2013"]
[Source "ChessBase"]
[SourceDate "2012.11.22"]
[SourceVersion "1"]
[SourceVersionDate "2012.11.22"]
[SourceQuality "1"]

1. e4 c5 2. Nf3 Nc6 3. d4 cxd4 4. Nxd4 Nf6 5. Nc3 a6 6. a4 e5 7. Nb3 Bb4 8. Bg5 h6 9. Bxf6 Qxf6 10. Bd3 0-0 11. 0-0 Bxc3 12. bxc3 Rd8 13. Bc4 d6 14. Qe2 Be6 15. Bxe6 fxe6 16. Rad1 Rac8 17. Rd3 Ne7 18. Rfd1 d5 19. Rf3 Qg5 20. Rfd3 Rc4 21. exd5 Nxd5 22. Rg3 Qf6 23. Qxc4 Rf8 24. Qe2 Rc8 25. c4 Nf4 26. Qe4 g5 27. Re3 Ng6 28. Rde1 Re8 29. Rd3 Rf8 30. Rf3 Nf4 31. Qxe5 Qf7 32. Rxf4 Qxf4 33. Qxe6+ Kh7 34. Qd7+ Rf7 35. Qd3+ Kg8 36. Qg6+ Kf8 37. Qxh6+ Kg8 38. Re8+ 1-0

[Event "Dortmund Sparkassen op-B"]
[Site "Dortmund"]
[Date "2011.07.23"]
[Round "1"]
[White "Aust, Werner"]
[Black "Wienkamp, Frank"]
[Result "0-1"]
[WhiteElo "1395"]
[BlackElo "1823"]
[PlyCount "144"]
[EventDate "2011.07.23"]
[EventType "swiss"]
[EventRounds "9"]
[EventCountry "GER"]
[SourceTitle "EXT 2013"]
[Source "ChessBase"]
[SourceDate "2012.11.22"]
[SourceVersion "1"]
[SourceVersionDate "2012.11.22"]
[SourceQuality "1"]

1. e4 e6 2. d4 d5 3. Nd2 Nf6 4. e5 Nfd7 5. Ngf3 c5 6. c3 Nc6 7. Be2 Be7 8. 0-0 f6 9. exf6 Bxf6 10. Nb3 c4 11. Nbd2 0-0 12. b3 b5 13. bxc4 bxc4 14. Qe1 Re8 15. Qd1 Qa5 16. Qc2 Nb6 17. Bd1 e5 18. Nxe5 Nxe5 19. dxe5 Rxe5 20. Nf3 Bf5 21. Qd2 Re7 22. Nd4 Bd7 23. Qb2 Bxd4 24. cxd4 Bf5 25. Be3 Bd3 26. Bd2 Qa6 27. Re1 Rb7 28. Qb4 Nc8 29. Re8+ Kf7 30. Qf8+ Kg6 31. Qf4 Qf6 32. Qg4+ Kf7 33. Re5 Ne7 34. Bg5 Qd6 35. Qf4+ Kg8 36. Qe3 Nf5 37. Re8+ Kf7 38. Rxa8 Nxe3 39. Bxe3 Qa3 40. h3 Bb1 41. Bf3 Be4 42. Bxe4 dxe4 43. Rc8 c3 44. Rc1 Qxa2 45. R8xc3 a5 46. Rc5 a4 47. d5 Qb2 48. d6 a3 49. Rc7+ Ke6 50. Bd4 Rxc7 51. Bxb2 axb2 52. Rxc7 b1Q+ 53. Kh2 Kxd6 54. Rxg7 h5 55. Rg6+ Ke7 56. Rg3 Qe1 57. Re3 Qxf2 58. Rxe4+ Kf6 59. Ra4 Qd2 60. Ra6+ Kf5 61. Ra8 Kf4 62. Rf8+ Ke3 63. Re8+ Kf2 64. Rf8+ Ke1 65. Re8+ Kd1 66. Ra8 Qd4 67. Rg8 Qf2 68. Rd8+ Ke1 69. Rc8 Kf1 70. Rg8 h4 71. Rf8 Qxf8 72. g4 Qf2+ 0-1

[Event "Dortmund Sparkassen op-B"]
[Site "Dortmund"]
[Date "2010.07.20"]
[Round "4"]
[White "Aust, Werner"]
[Black "Grabowski, Domenic"]
[Result "1-0"]
[WhiteElo "1473"]
[BlackElo "1234"]
[PlyCount "133"]
[EventDate "2010.07.17"]
[EventType "swiss"]
[EventRounds "9"]
[EventCountry "GER"]
[SourceTitle "EXT 2014"]
[Source "ChessBase"]
[SourceDate "2013.11.20"]
[SourceVersion "1"]
[SourceVersionDate "2013.11.20"]
[SourceQuality "1"]

1. d4 d5 2. Nf3 e6 3. c4 Nf6 4. Nc3 c5 5. e3 Nc6 6. Be2 dxc4 7. Bxc4 cxd4 8. exd4 Bb4 9. 0-0 0-0 10. Bf4 Re8 11. Nb5 Ba5 12. Bg5 a6 13. Nc3 Bxc3 14. bxc3 Na5 15. Bd3 Bd7 16. Ne5 Bc6 17. Qc2 h6 18. Bh4 Qe7 19. Qb2 Rab8 20. f4 Bd5 21. f5 Nc6 22. c4 Nxe5 23. dxe5 Bc6 24. exf6 gxf6 25. Bxf6 Qd6 26. Qe2 exf5 27. Qc2 Qxf6 28. Bxf5 Qd4+ 29. Kh1 Be4 30. Qf2 Qxf2 31. Rxf2 Bxf5 32. Rxf5 Rbc8 33. c5 Rc6 34. Raf1 Re7 35. h4 b6 36. cxb6 Rxb6 37. R1f2 Rb4 38. g3 Rbe4 39. Rf6 R4e6 40. R6f3 Re1+ 41. Kg2 R1e2 42. Kh3 Rxf2 43. Rxf2 Kg7 44. h5 f6 45. Rf4 Re5 46. Kh4 Ra5 47. Rf2 Ra4+ 48. g4 Rb4 49. Rf5 Rb5 50. Rxb5 axb5 51. Kg3 Kf7 52. Kf4 Ke6 53. Ke4 b4 54. Kd4 f5 55. gxf5+ Kxf5 56. Kc4 Kg5 57. Kxb4 Kxh5 58. a4 Kg4 59. a5 h5 60. a6 h4 61. a7 h3 62. a8Q Kg3 63. Qh1 h2 64. Kc4 Kh3 65. Kd3 Kg3 66. Ke2 Kh3 67. Kf2 1-0

[Event "Dortmund Sparkassen op-B"]
[Site "Dortmund"]
[Date "2010.07.19"]
[Round "3"]
[White "Kantor, Nikita"]
[Black "Aust, Werner"]
[Result "0-1"]
[WhiteElo "909"]
[BlackElo "1473"]
[PlyCount "74"]
[EventDate "2010.07.17"]
[EventType "swiss"]
[EventRounds "9"]
[EventCountry "GER"]
[SourceTitle "EXT 2014"]
[Source "ChessBase"]
[SourceDate "2013.11.20"]
[SourceVersion "1"]
[SourceVersionDate "2013.11.20"]
[SourceQuality "1"]

1. e4 c5 2. Nf3 Nc6 3. c4 e6 4. Nc3 a6 5. a4 d6 6. d4 cxd4 7. Nxd4 Bd7 8. Nf3 Be7 9. Bf4 e5 10. Be3 Nf6 11. Bd3 Nb4 12. Bb1 Qc7 13. 0-0 Qxc4 14. Ne2 Nxe4 15. Bxe4 Qxe4 16. Rc1 0-0 17. Ng3 Qd5 18. Qe2 Bg4 19. Rfd1 Bxf3 20. gxf3 Qe6 21. Rc4 Nc6 22. Rg4 f5 23. Rc4 Qg6 24. f4 Rad8 25. Kf1 d5 26. Rcc1 d4 27. Bd2 d3 28. Qe3 e4 29. Bc3 Bd6 30. f3 Qh6 31. fxe4 Bxf4 32. Qf2 fxe4 33. Qg1 Bxc1+ 34. Ke1 Be3 35. Qg2 Qg6 36. Qh3 Bf2+ 37. Kd2 Qg5# 0-1

[Event "Dortmund op-B"]
[Site "Dortmund"]
[Date "2009.07.09"]
[Round "6"]
[White "Boenke, Holger"]
[Black "Aust, Werner"]
[Result "0-1"]
[WhiteElo "1111"]
[BlackElo "1535"]
[PlyCount "24"]
[EventDate "2009.07.04"]
[EventType "swiss"]
[EventRounds "9"]
[EventCountry "GER"]
[SourceTitle "EXT 2012"]
[Source "ChessBase"]
[SourceDate "2011.11.24"]
[SourceVersion "1"]
[SourceVersionDate "2011.11.24"]
[SourceQuality "1"]

1. e4 e6 2. d3 d5 3. Nd2 c5 4. c3 Nc6 5. g3 Nf6 6. Bg2 dxe4 7. dxe4 Ne5 8. Qb3 Nd3+ 9. Ke2 Ne5 10. c4 Be7 11. f4 Nc6 12. e5 Nd4+ 0-1

[Event "Dortmund Sparkassen op-B"]
[Site "Dortmund"]
[Date "2008.07.05"]
[Round "8"]
[White "Clausen, Dirk"]
[Black "Aust, Werner"]
[Result "1-0"]
[WhiteElo "1628"]
[BlackElo "1478"]
[PlyCount "83"]
[EventDate "2008.06.30"]
[EventType "swiss"]
[EventRounds "9"]
[EventCountry "GER"]
[SourceTitle "EXT 2022"]
[Source "ChessBase"]
[SourceDate "2021.10.06"]
[SourceVersion "1"]
[SourceVersionDate "2021.10.06"]
[SourceQuality "1"]

1. c4 e5 2. Nc3 Nf6 3. g3 Nc6 4. Bg2 Be7 5. e3 b6 6. Nge2 Bb7 7. d4 exd4 8. exd4 0-0 9. 0-0 Re8 10. Nf4 Na5 11. Bxb7 Nxb7 12. Qf3 Nd6 13. b3 c6 14. d5 cxd5 15. Ncxd5 Rc8 16. Bb2 Nfe4 17. Rad1 Bf8 18. Qg4 Kh8 19. h4 f5 20. Qh5 Kg8 21. Kg2 Rc6 22. f3 Nf6 23. Nxf6+ gxf6 24. Nd5 Bg7 25. Rfe1 Re6 26. g4 Qe8 27. Qxe8+ Nxe8 28. gxf5 Rxe1 29. Rxe1 Kf8 30. Re7 Rd6 31. Ba3 Rxd5 32. cxd5 d6 33. Rxa7 h5 34. Rb7 Bh6 35. Rxb6 Bf4 36. Rb7 Ng7 37. Rxg7 Kxg7 38. b4 Kf7 39. b5 Ke7 40. Bb2 Be3 41. a4 Bb6 42. Bc3 1-0

[Event "Dortmund op-B"]
[Site "Dortmund"]
[Date "2007.06.27"]
[Round "5"]
[White "Aust, Werner"]
[Black "Mundorf, Johannes"]
[Result "0-1"]
[WhiteElo "1497"]
[BlackElo "1709"]
[PlyCount "54"]
[EventDate "2007.06.22"]
[EventType "swiss"]
[EventRounds "9"]
[EventCountry "GER"]
[SourceTitle "EXT 2008"]
[Source "ChessBase"]
[SourceDate "2007.11.25"]
[SourceVersion "1"]
[SourceVersionDate "2007.11.25"]
[SourceQuality "1"]

1. d4 d5 2. Nf3 Nf6 3. c4 e6 4. Nc3 Nbd7 5. Bd2 Be7 6. cxd5 exd5 7. g3 0-0 8. Bg2 Nb6 9. 0-0 Re8 10. Rc1 c6 11. Ne5 Ng4 12. f4 f6 13. Nd3 Nc4 14. e4 dxe4 15. Nxe4 Qxd4+ 16. Ndf2 Nxf2 17. Rxf2 Bf5 18. Qb3 b5 19. Bc3 Qb6 20. Kf1 Kh8 21. Re2 Ne3+ 22. Rxe3 Qxe3 23. Re1 Qd3+ 24. Kg1 Bxe4 25. Rxe4 Bc5+ 26. Rd4 Bxd4+ 27. Kh1 Qb1+ 0-1

[Event "Dortmund op-B"]
[Site "Dortmund"]
[Date "2007.06.22"]
[Round "1"]
[White "Aust, Werner"]
[Black "Dolgopolyj, Vladimir"]
[Result "0-1"]
[WhiteElo "1497"]
[BlackElo "1816"]
[PlyCount "76"]
[EventDate "2007.06.22"]
[EventType "swiss"]
[EventRounds "9"]
[EventCountry "GER"]
[SourceTitle "EXT 2008"]
[Source "ChessBase"]
[SourceDate "2007.11.25"]
[SourceVersion "1"]
[SourceVersionDate "2007.11.25"]
[SourceQuality "1"]

1. e4 Nf6 2. Nc3 d5 3. exd5 Nxd5 4. Bc4 c6 5. d3 Bf5 6. Nf3 e6 7. Bd2 Be7 8. 0-0 0-0 9. Bb3 Bg4 10. Qe2 Bf6 11. Rab1 Nd7 12. Qe4 Bf5 13. Qe2 Bg4 14. Qe4 Bh5 15. Rfe1 Nc5 16. Qe2 Qc7 17. Ne4 Be7 18. Ng3 Bg6 19. Ne5 Rae8 20. Nxg6 hxg6 21. Ne4 a5 22. Nc3 b5 23. Bxd5 exd5 24. Qf3 Bd6 25. h3 Ne6 26. Ne2 Re7 27. c3 Rfe8 28. Be3 f5 29. Kf1 f4 30. Bd2 Rf8 31. Rbc1 Rf5 32. c4 Ng5 33. Qg4 bxc4 34. dxc4 Ne4 35. Bc3 Qb6 36. Bd4 c5 37. Qxg6 Rg5 38. Nxf4 Rxg6 0-1